000 00970cab a2200277 4500
001 ABS48677
008 090401t1993 xxu||||| |||| 00| 0 eng d
035 _a(Sirsi) u68001
041 _aeng
100 _aClough, B.
245 _aNature conservation and environmental impact : strategic issues in minerals planning
260 _c1993
350 _a0
490 _aThe Planner
_v79(5) May 1993, 14-16(3)
520 _aRefers to a case in which permission for opencast mining was not granted because of the effect of the proposals on the landscape and on nature conservation and impact on the local community. This article looks at the implications for opencast mining.
650 _aCOAL MINING
650 _aENVIRONMENTAL IMPACT
650 _aMINERALS PLANNING
650 _aMPG3
650 _aNATURE CONSERVATION
650 _aOPENCAST MINING
650 _aPLANNING APPEALS
690 _aMINING AND MINERALS
942 _n0
948 _c04/03/1997
999 _c42622
_d42622